000 00672cam a2200229 a 4500
001 2582944
005 20180126092418.0
008 961031s1996 ilu b 001 0 eng
010 _a 96076991
020 _a1575170647
040 _aDLC
_cDLC
_dDLC
041 _aeng
080 _a371.102 BER
082 0 0 _a371.102 BER
_220
100 1 _a47
101 _aEDU
245 1 0 _aPutting research to work in your school /
_cDavid C. Berliner and Ursula Casanova.
504 _aIncludes bibliographical references and index.
906 _a7
_bcbc
_corignew
_d2
_eopcn
_f19
_gy-gencatlg
942 _2ddc
_cBK
999 _c41048
_d41048